000 00266nam a2200121Ia 4500
008 190216s9999||||xx |||||||||||||| ||und||
100 _aAbbas K A
245 0 _aMaria
260 _bOrient Paper Back
_c1970
300 _a168p
650 _aEnglish Novel
942 _cBK
999 _c12280
_d12280